Η χρήση της φωτογραφικής εικόνας στη γεωγραφία

Σε αυτήν την ενότητα θα παρουσιαστεί ο τρόπος με τον οποίο θα αναπτυχθεί η εργασία. Δηλαδή θα αναφερθούν και θα σχολιαστούν οι ενότητες που θα περιέχονται σε αυτήν. Αρχικά, θα παρατεθούν τα περιεχόμενα και οι ευχαριστίες. Μετά από την περίληψη θα ακολουθήσει η εισαγωγή. Στην εισαγωγή εμπεριέχονται η...

Full description

Saved in:
Bibliographic Details
Main Author: Φουρνογεράκη, Διονυσία
Corporate Author: Πανεπιστήμιο Αιγαίου. Σχολή Κοινωνικών Επιστημών. Τμήμα Γεωγραφίας
Format: Thesis Book
Language:Greek
Published: 2017.
Online Access:http://hdl.handle.net/11610/18171
Tags: Add Tag
No Tags, Be the first to tag this record!

MARC

LEADER 00000cam a2200000 a 4500
001 1/120621
008 200114s2017####gr | ||| |||| ||gre||
040 |a GR-MyUa  |b gre  |c GR-MyUa  |e AACR2 
041 0 |a gre 
082 7 |a 000  |2 (23) 
100 1 |a Φουρνογεράκη, Διονυσία. 
245 1 2 |a Η χρήση της φωτογραφικής εικόνας στη γεωγραφία /   |c Φουρνογεράκη Διονυσία ; επιβλέπων καθηγητής: Γεώργιος Σιδηρόπουλος.  
260 |c 2017.  
300 |a 44 σ. :   |b εικ. ;   |c 29 εκ.  
500 |a Μέλη εξεταστικής επιτροπής: Γεώργιος Τσιλιμίγκας, Γεώργιος Κορρές.  
502 |a Πτυχιακή εργασία - Πανεπιστήμιο Αιγαίου, Μυτιλήνη, 2017.  
504 |a Βιβλιογραφία: σ. 44.  
506 0 |a Ηλεκτρονική διάθεση στο πλήρες κείμενο - ελεύθερης πρόσβασης.  
520 8 |a Σε αυτήν την ενότητα θα παρουσιαστεί ο τρόπος με τον οποίο θα αναπτυχθεί η εργασία. Δηλαδή θα αναφερθούν και θα σχολιαστούν οι ενότητες που θα περιέχονται σε αυτήν. Αρχικά, θα παρατεθούν τα περιεχόμενα και οι ευχαριστίες. Μετά από την περίληψη θα ακολουθήσει η εισαγωγή. Στην εισαγωγή εμπεριέχονται η χρησιμότητα και ο σκοπός της εργασίας καθώς και δύο λόγια για τις βασικές έννοιες που θα επεξεργαστούν στη συνέχεια. Το επόμενο κεφάλαιο αφορά τη μεθοδολογία, τα υλικά καθώς και μία αναλυτικότερη ιστορική ανάλυση πάνω στις έννοιες που πραγματεύεται η εργασία. Ακολουθεί η ανάλυση, η οποία είναι και το βασικότερο μέρος της εργασίας. Εδώ αναλύεται η χρήση της φωτογραφίας στο παγκόσμιο περιοδικό National Geographic σε βάθος, καθώς και μία κατηγοριοποίηση των φωτογραφιών του περιοδικού. Στο κομμάτι της ανάλυσης, εμπεριέχεται και ένα κεφάλαιο στο οποίο θα επιλεχθούν και θα σχολιαστούν κάποιες φωτογραφίες. Η εργασία θα κλείσει με τα συμπεράσματα και τέλος θα παρατεθεί η βιβλιογραφία που χρησιμοποιήθηκε για την διεκπεραίωση της. 
540 |a Κλειδωμένη η δυνατότητα αντιγραφής (copy) από το ηλεκτρονικό κείμενο.  
700 1 |a Σιδηρόπουλος, Γεώργιος,  |e dgs 
710 2 |a Πανεπιστήμιο Αιγαίου.   |b Σχολή Κοινωνικών Επιστημών.   |b Τμήμα Γεωγραφίας. 
852 |a INST  |b LESVOS  |c DIATR  |e 20200114  |h 1050  |p 005100063046  |q 005100063046  |t DIE  |y 23 
856 |u http://hdl.handle.net/11610/18171 
920 |a Φουρνογεράκη   |b Διονυσία   |y Λέσβος  |z 2017-03 
970 |a Πατσή   |b Ανθίππη  |z 14-01-2020